|
|
|
|
| LEADER |
00000cam a2200000 a 4500 |
| 001 |
vtls009844790 |
| 003 |
SK-MaSNL |
| 005 |
20260331205336.0 |
| 008 |
251120s2009 xo a j f000 0 slo |
| 013 |
|
|
|a 286722
|b ep
|c patent
|d 20090406
|e dátum nadobudnutia účinkov patentu (Vestník ÚPV SR č.: 4/2009)
|d 20090311
|e dátum sprístupnenia patentu
|
| 013 |
|
|
|a 1304-2003
|e číslo prihlášky
|d 20020311
|e dátum podania prihlášky
|d 20040203
|e dátum zverejnenia prihlášky (Vestník ÚPV SR č.: 2/2004)
|
| 013 |
|
|
|a 01106955.6
|e číslo prioritnej prihlášky
|d 20010320
|e dátum podania prioritnej prihlášky
|b EP
|e kód krajiny prioritnej prihlášky
|
| 015 |
|
|
|a SNBN2016
|
| 035 |
|
|
|a (SVKBBclas03)vtls000311760
|
| 040 |
|
|
|a SNK
|b slo
|c SNK
|e AACR2
|
| 041 |
0 |
|
|a slo
|
| 044 |
|
|
|a xo
|c SK
|
| 072 |
|
7 |
|a 62
|x Technika všeobecne
|2 konspekt
|
| 080 |
|
|
|a 62-462
|2 2001
|
| 084 |
|
|
|a F16L 33/02
|2 IPC
|
| 100 |
1 |
|
|a Oetiker, Hans
|4 org
|9 298812
|
| 245 |
1 |
0 |
|a Hadicová svorka a nástroj na jej uzatvorenie
|c Hans Oetiker, Ulrich Meier ; patent. zást. Rott, Růžička & Guttmann, v. o. s. Bratislava
|
| 260 |
|
|
|a [Banská Bystrica]
|b Úrad priemyselného vlastníctva SR
|c [2009]
|
| 300 |
|
|
|a 7 s.
|b obr.
|c 30 cm
|
| 650 |
0 |
7 |
|a hadice
|2 SNKPH
|9 49701
|
| 650 |
0 |
7 |
|a Hoses
|2 SNKPHeng
|9 403609
|
| 650 |
0 |
7 |
|a svorky
|2 SNKPH
|9 541483
|
| 655 |
|
7 |
|a patenty
|2 SNKPH
|9 177343
|
| 655 |
|
7 |
|a patent licenses
|2 SNKPHeng
|9 303430
|
| 700 |
1 |
|
|a Meier, Ulrich
|4 org
|9 596575
|
| 710 |
2 |
|
|a Hans Oetiker AG Maschinen- und Apparatefabrik (Horgen, Švajčiarsko)
|4 pth
|9 477317
|
| 710 |
2 |
|
|a Rott, Růžička & Guttmann (Bratislava, Slovensko)
|4 oth
|9 161299
|
| 999 |
|
|
|c 1174780
|d 1176710
|
| 952 |
|
|
|a SNK
|b SNK
|y PREZ
|7 0
|p 17A1176053
|o snkSK 286722
|i snk2015/33486
|8 0
|0 0
|1 0
|4 0
|d 2015-12-15
|l 0
|r 2026-02-24 21:18:41
|w 2026-02-24
|